Business strategy an introduction

Saved in:
Bibliographic Details
Main Author: Campbell, David
Other Authors: Stonehouse, George, Houston, Bill
Format: Book
Language:English
Published: Oxford Butterworth-Heineman 1999
Subjects:
Tags: Add Tag
No Tags, Be the first to tag this record!

MARC

LEADER 00000nam a2200000 4500
001 c117235
005 20221108121306.6
020 |a 0-7506-4207-6 
041 0 |a eng 
044 |a GB 
245 1 0 |a Business strategy  |b an introduction  |c David Campbell, George Stonehouse, Bill Houston 
264 1 |a Oxford  |b Butterworth-Heineman  |c 1999 
300 |a [328] s. 
610 2 0 |a stratégia podnikateľská 
610 2 0 |a plánovanie strategické 
610 2 0 |a podnikanie obchodné 
610 2 0 |a zdroje ľudské 
610 2 0 |a kultúra podniková 
610 2 0 |a analýza finančná 
610 2 0 |a výrobky 
610 2 0 |a trh 
610 2 0 |a konkurencia 
610 2 0 |a stratégia obchodná 
610 2 0 |a stratégia podniková 
610 2 0 |a benchmarking 
610 2 0 |a etika podnikateľská 
610 2 0 |a etika podniková 
610 2 0 |a manažment strategický 
100 1 |a Campbell, David 
700 1 |a Stonehouse, George 
700 1 |a Houston, Bill